000 00498nam a22002177a 4500
003 UA-OsUOA
001 38500
007 ta
008 20060512b un ||||| |||| 00| 0 ukr d
100 _aАндрусь Євген
090 _a32
_bА11
942 _cSA
040 _aUA-OsUOA
_bukr
_cUA-OsUOA
_dUA-OsUOA
245 _aПоставити - і перемогти
300 _a9 с.
955 _a0
041 _aukr
080 _a32
773 0 _w38498
650 7 _a32 Політика
_2UDC
999 _c324645
_d324645